000 00480nam a2200169Ia 4500
999 _c19998
_d19998
003 OSt
005 20200606104236.0
008 190216s9999||||xx |||||||||||||| ||und||
020 _a0333346726
040 _coclc
082 _a320.947
_bRIG/A
100 _aRigby, T H
_92576
245 0 _aAuthority Power And Policy In The USSR /
_cT H Rigby
260 _bMacmillan,
_c1983.
_aLondon:
300 _a207p
942 _cBK
_2ddc
_h320.947
_iRIG/A
_k320.947
_mRIG/A